Understanding baptism / (Record no. 8733)
[ view plain ]
| 000 -LEADER | |
|---|---|
| fixed length control field | 01355nam a22002537a 4500 |
| 003 - CONTROL NUMBER IDENTIFIER | |
| control field | GBCCL |
| 005 - DATE AND TIME OF LATEST TRANSACTION | |
| control field | 20241126110657.0 |
| 008 - FIXED-LENGTH DATA ELEMENTS--GENERAL INFORMATION | |
| fixed length control field | 210922b ||||| |||| 00| 0 eng d |
| 020 ## - INTERNATIONAL STANDARD BOOK NUMBER | |
| International Standard Book Number | 9781433688874 |
| 020 ## - INTERNATIONAL STANDARD BOOK NUMBER | |
| International Standard Book Number | 1433688875 |
| 040 ## - CATALOGING SOURCE | |
| Transcribing agency | GBC |
| 082 ## - DEWEY DECIMAL CLASSIFICATION NUMBER | |
| Classification number | 262 |
| Item number | CHU |
| 100 ## - MAIN ENTRY--PERSONAL NAME | |
| Personal name | Jamison, Bobby |
| 9 (RLIN) | 15403 |
| 245 ## - TITLE STATEMENT | |
| Title | Understanding baptism / |
| Statement of responsibility, etc. | Bobby Jamison ; series editor, Jonathan Leeman. |
| 260 ## - PUBLICATION, DISTRIBUTION, ETC. | |
| Place of publication, distribution, etc. | Nashville, Tennessee : |
| Name of publisher, distributor, etc. | B & H Books, |
| Date of publication, distribution, etc. | [2016] ©2016 |
| 300 ## - PHYSICAL DESCRIPTION | |
| Extent | vi, 74 pages ; |
| Dimensions | 18 cm |
| 440 ## - SERIES STATEMENT/ADDED ENTRY--TITLE | |
| Title | Church basics |
| 9 (RLIN) | 15402 |
| 505 ## - FORMATTED CONTENTS NOTE | |
| Formatted contents note | What's the big deal about baptism? Jesus commands his disciples to be baptized, and it's a glorious picture of a person's union with Jesus' death, burial, and resurrection. Still, many Christians feel unclear about the topic, having more questions than answers. This short work provides a biblical explanation of baptism. What is it? Who should be baptized? Why is it required for church membership? And how should churches practice baptism? |
| 505 ## - FORMATTED CONTENTS NOTE | |
| Formatted contents note | What is baptism? --<br/>Who should be baptized? --<br/>What about infant baptism? --<br/>Why is baptism required for church membership? --<br/>When is "baptism" not baptism --<br/>How should churches practice baptism? |
| 650 ## - SUBJECT ADDED ENTRY--TOPICAL TERM | |
| Topical term or geographic name entry element | Baptism. |
| 9 (RLIN) | 2157 |
| 650 ## - SUBJECT ADDED ENTRY--TOPICAL TERM | |
| Topical term or geographic name entry element | Infant baptism. |
| 9 (RLIN) | 15404 |
| 650 ## - SUBJECT ADDED ENTRY--TOPICAL TERM | |
| Topical term or geographic name entry element | Baptism and church membership. |
| 9 (RLIN) | 15405 |
| 942 ## - ADDED ENTRY ELEMENTS (KOHA) | |
| Source of classification or shelving scheme | Dewey Decimal Classification |
| Koha item type | Books |
| Koha issues (borrowed), all copies | 1 |
| Withdrawn status | Lost status | Source of classification or shelving scheme | Damaged status | Not for loan | Home library | Current Library | Shelving location | Date acquired | Total checkouts | Full call number | Barcode | Date last seen | Date last checked out | Copy number | Price effective from | Koha item type |
|---|---|---|---|---|---|---|---|---|---|---|---|---|---|---|---|---|
| Dewey Decimal Classification | GRACE BIBLE COLLEGE | GRACE BIBLE COLLEGE | Ministry & Mission | 2021-09-22 | 1 | 262 CHU | 015185 | 2025-05-01 | 2024-07-22 | c.1 | 2021-09-22 | Books |